<?xml version="1.0" encoding="UTF-8"?>
<marc:record xmlns:marc="http://www.loc.gov/MARC21/slim">
   <marc:leader>00000nam a2200000 a 4500</marc:leader>
   <marc:datafield ind1="1" ind2=" " tag="100">
      <marc:subfield code="a">Seder, Erne</marc:subfield>
      <marc:subfield code="4">aut</marc:subfield>
      <marc:subfield code="e">Verfasser/-in</marc:subfield>
   </marc:datafield>
   <marc:datafield ind1="0" ind2="0" tag="245">
      <marc:subfield code="a">Der Vollmond stand über Erdberg</marc:subfield>
   </marc:datafield>
   <marc:datafield ind1=" " ind2="1" tag="264">
      <marc:subfield code="a">Mühlacker [u.a.]</marc:subfield>
      <marc:subfield code="b">Stieglitz-Verl.</marc:subfield>
      <marc:subfield code="c">1987</marc:subfield>
   </marc:datafield>
   <marc:datafield ind1="1" ind2=" " tag="490">
      <marc:subfield code="a">Kleine Stieglitze</marc:subfield>
   </marc:datafield>
   <marc:datafield ind1="1" ind2=" " tag="520">
      <marc:subfield code="a">Erne Seder, Schauspielerin und Autorin für Funk und Fernsehen, erinnert sich in diesem Buch an ihre Kindheit, die sie als Kind "fahrender Leute" bei den Grosseltern verbracht hat. Es sind im wesentlichen Geschichten und Abenteuer, wie sie jedes Kind erlebt. Das Besondere hier sinddie Umgebung, das Milieu kleiner Leute in einem damals noch dörflichen Vorort von Wien, und wohl die Grossmutter, die die Familie dominierte und ein Original war. Seder erzählt mit einfachen Mitteln, die sparsam verwendeten Dialekt-Einschübe brauchen für deutsche Leser kein Hindernis zu sein.</marc:subfield>
   </marc:datafield>
   <marc:datafield ind1=" " ind2=" " tag="020">
      <marc:subfield code="a">3798702500</marc:subfield>
      <marc:subfield code="9">3798702500</marc:subfield>
   </marc:datafield>
   <marc:datafield ind1=" " ind2=" " tag="300">
      <marc:subfield code="a">181 S. : Ill.</marc:subfield>
   </marc:datafield>
</marc:record>
